000 00422 a2200145 4500
005 20250409105637.0
020 _a0-7730-4640-2
082 _a651.7 LOW
100 _aLOWRY, M. A.
245 _aPeople to People: The Business of Communicating
260 _aToronto,
_bCopp Clark Pitman Ltd,
_c1987.
300 _axiv, 546p.: ill.; picture, table.
_bIndex.
_c25cm.
700 _aO' CONNOR, P. & SMITH, M. E.
942 _2ddc
_cBKS
999 _c1241
_d1241